| 000 | 01448nam a2200373Ka 4500 | ||
|---|---|---|---|
| 001 | 757857390 | ||
| 003 | OCoLC | ||
| 005 | 20250317084301.0 | ||
| 008 | 111020t20102010caua j 001 0 spa d | ||
| 020 |
_a9781595669667 _qpaperback |
||
| 020 |
_a1595669663 _qpaperback |
||
| 035 | _a(OCoLC)757857390 | ||
| 040 |
_aJJJ _beng _cJJJ |
||
| 092 | _a636.2 Del | ||
| 100 | 1 |
_aDe la Bedoyere, Camilla. _0https://id.loc.gov/authorities/names/n2004014845. |
|
| 240 | 1 | 0 |
_aCows. _lSpanish. |
| 245 | 1 | 0 |
_aVacas / _cby Camilla de la Bedoyere. |
| 264 | 1 |
_aIrvine, CA : _bQEB Publishing, _c[2010] |
|
| 264 | 4 | _c℗♭2010. | |
| 300 |
_a24 pages : _bcolor illustrations ; _c24 cm. |
||
| 336 |
_atext _btxt _2rdacontent. |
||
| 337 |
_aunmediated _bn _2rdamedia. |
||
| 338 |
_avolume _bnc _2rdacarrier. |
||
| 385 |
_nage _aChildren _2lcdgt. |
||
| 490 | 1 | _aAnimales de granja. | |
| 500 | _aIncludes index. | ||
| 520 | _aWhere do cows sleep? What is a herd? How big is a newborn calf? From fun in the fields to feeding time, find out all the facts about the daily life of farmyard animals. | ||
| 650 | 0 |
_aCows _vJuvenile literature. _0https://id.loc.gov/authorities/subjects/sh2009122231. |
|
| 650 | 0 |
_aFarm life _vJuvenile literature. _0https://id.loc.gov/authorities/subjects/sh2008103574. |
|
| 655 | 7 |
_aLiterature. _2lcgft _0https://id.loc.gov/authorities/genreForms/gf2014026415. |
|
| 830 | 0 | _aAnimales de granja. | |
| 907 | _a.b356161249 | ||
| 942 | _cBK | ||
| 999 |
_c30926 _d30924 |
||